| 000 | 004360000a22001810004500 | ||
|---|---|---|---|
| 003 | MACL | ||
| 005 | 20150910113954.0 | ||
| 008 | 150910b xxu||||| |||| 00| 0 eng d | ||
| 040 |
_aMACL _cMACL |
||
| 041 | _aEnglish | ||
| 082 | _a821?MIT | ||
| 100 |
_aMitra Arun _99755 |
||
| 245 | _aThe Quest Goes On And Other Poems | ||
| 260 |
_bSahitya Akademi _c1994 _aNew Delhi |
||
| 350 | _a40 | ||
| 650 |
_apoetry _99756 |
||
| 942 |
_cBK _k821 _2ddc |
||
| 999 |
_c3304 _d3304 |
||